000 00808nam a2200253 i 4500
001 bg
003 BPK
005 20190722100426.0
008 970903s1990 pl a |001 0 pol
015 _aPB 1990/6329
020 _a8320412862
040 _aWA N
_cBPK
080 _a004.438
100 1 _aKott, Ryszard K.
245 1 0 _aProgramowanie w języku PASCAL /
_cR. K. Kott.
250 _aWyd. 2.
260 _aWarszawa :
_bWydawnictwa Naukowo-Techniczne,
_c1990.
300 _a253, [3] s. :
_brys. ;
_c24 cm.
504 _aBibliogr. s. 248. - Indeks.
650 4 _aPASCAL (język programowania)
710 2 _aWydawnictwa Naukowo-Techniczne
_4pbl.
856 _uhttp://koha.tu.koszalin.pl/cgi-bin/koha/opac-detail.pl?biblionumber=4187
_yKatalog online BPK
942 _2UKD
_cKS
999 _c4187
_d4187